NBA Players With The Most 10+ Block Games - Statistics

General Stats
  • This quiz has been taken 62 times
  • The average score is 5 of 10
Answer Stats
# of Times Player % Correct
11 Hakeem Olajuwon
92%
10 David Robinson
76%
13 Dikembe Mutombo
76%
2* Victor Wembanyama
76%
18 Manute Bol
58%
16 Mark Eaton
54%
4 Marcus Camby
26%
5 Hassan Whiteside
22%
10 Shawn Bradley
20%
3 Serge Ibaka
12%
No matching quizzes found
Score Distribution
Percent of People with Each Score
Percentile by Number Answered
Your Score History
You have not taken this quiz